Loading...

Wayanad Rekhakal

Bibliographic Details
Main Author: Johnny,O K
Format: Printed Book
Published: Kozhikkode Mathrubhumi 2006
LEADER 00410nam a22001337a 4500
020 |a 9788182649088 
082 |a 894.812  |b JOH/WA 
100 |a Johnny,O K 
245 |a Wayanad Rekhakal 
260 |a Kozhikkode  |b Mathrubhumi  |c 2006 
300 |a 256p. 
942 |c BK 
999 |c 2668  |d 2668 
952 |0 0  |1 0  |4 0  |6 894_812000000000000_JOH_WA  |7 0  |8 FIC  |9 3548  |a KUFOS  |b KUFOS  |c FIC  |d 2016-05-18  |o 894.812 JOH/WA  |p 13494  |r 2016-05-18  |w 2016-05-18  |y BK